000 00480 a2200181 4500
999 _c8271
_d8271
003 GBCCL
005 20241126110647.0
008 191014b ||||| |||| 00| 0 eng d
022 _20985228202
040 _cGBC
082 _a266.0091732
_bSHE
100 _aShelton, J L
_914396
245 _aUrban Mission Field:
_bA Plea for a Revival of Missions
260 _aUSA:
_bDay 50 Publishing,
_c2012.
300 _a107p. ;
650 _aMissions
_vUrban
_914397
942 _2ddc
_cBK
_08